Detalles MARC
| 000 -LIDER |
| fixed length control field |
01919nam a2200313 a 4500 |
| 001 - NÚMERO DE CONTROL |
| Identificador de número de control |
000003253 |
| 003 - IDENTIFICACDOR DE NÚMERO DE CONTROL |
| control field |
DO-SdBNP |
| 005 - DATE AND TIME OF LATEST TRANSACTION |
| control field |
20171023095556.0 |
| 007 - CAMPOS FIJOS DE DESCRIPCIÓN FÍSICA |
| fixed length control field |
000003253 |
| 008 - ELEMENTOS DE LONGITUD FIJA |
| fixed length control field |
090707s2006 dr ac 000 0 spa d |
| 020 ## - ISBN |
| International Standard Book Number |
9945410113 |
| 040 ## - FUENTE DE CATALOGACIÓN |
| Agencia que crea de manera original el registro |
BPMSU |
| Idioma de catalogación |
spa |
| Agencia que realiza la transcripción |
BPMSU |
| 082 #4 - NÚMERO DE CLASIFICACIÓN DECIMAL DE DEWEY |
| Classification number |
972.93 |
| Item number |
D671h |
| 100 1# - ASIENTO PRINCIPAL -- NOMBRE PERSONAL |
| Nombre personal |
Domínguez, Jaime de Jesús |
| Fechas asociadas con el nombre |
1947- |
| 245 10 - MENCIÓN DE TITULO |
| Título |
Historia dominicana / |
| Mención de responsabilidad |
Jaime de Jesús Domínguez. |
| 260 0# - PUBLICACIÓN, DISTRIBUCIÓN, ETC. (PIE DE IMPRENTA) |
| Lugar de publicación, distribución, etc |
Santo Domingo : |
| Nombre del editor, distribuidor, etc. |
Breve Letra Gráfica, |
| Fecha de publicación, distribución, etc |
2006. |
| 300 ## - DESCRIPCIÓN FÍSICA |
| Extensión |
294 p : |
| Otros detalles físicos |
il., mapas., retrs. ; |
| Dimensiones |
18 cm. |
| 500 ## - NOTA GENERAL |
| Nota general |
Bibliografía: p. 292-294 |
| 505 0# - NOTA DE CONTENIDO |
| Texto normalizado de contenido |
Los indígenas de La Española -- Colón y el descubrimiento de América -- La factoría colombina -- La insurrección de Roldán -- El Gobierno de Ovando -- Diego Colón. Padres Jerónimos. Enriquillo -- La industria azucarera colonial -- Los negros esclavos -- Las devastaciones de Osorio -- Santo Domingo francés y español -- Las primeras invasiones haitianas -- La era de Francia en Santo Domingo -- La España Boba. Independencia Efímera -- La ocupación haitiana -- La primera república -- La anexión a España -- Julio de 1865. Julio de 1886 -- La dictadura de Heureaux -- Los inicios del siglo XX -- La primera ocupación estadounidense -- El tercer gobierno de Horacio Vásquez -- La dictadura de Trujillo -- Hacia la democracia representativa -- Bibliografía. |
| 651 #4 - ENCABEZAMIENTO DE MATERIA--NOMBRE GEOGRÁFICO |
| Nombre geográfico |
REPÚBLICA DOMINICANA |
| Subdivisión temática general |
POLÍTICA Y GOBIERNO |
| -- |
HISTORIA |
| 651 #4 - ENCABEZAMIENTO DE MATERIA--NOMBRE GEOGRÁFICO |
| Nombre geográfico |
REPÚBLICA DOMINICANA |
| Subdivisión temática general |
HISTORIA |
| Subdivisión cronológica |
DESCUBRIMIENTO Y CONQUISTA 1492-1503 |
| 651 #4 - ENCABEZAMIENTO DE MATERIA--NOMBRE GEOGRÁFICO |
| Nombre geográfico |
REPÚBLICA DOMINICANA |
| Subdivisión temática general |
HISTORIA |
| Subdivisión cronológica |
OCUPACIÓN HAITIANA 1822-1844 |
| 651 #4 - ENCABEZAMIENTO DE MATERIA--NOMBRE GEOGRÁFICO |
| Nombre geográfico |
REPÚBLICA DOMINICANA |
| Subdivisión temática general |
HISTORIA |
| Subdivisión cronológica |
OCUPACIÓN NORTEAMERICANA, 1916-1924 |
| 651 #4 - ENCABEZAMIENTO DE MATERIA--NOMBRE GEOGRÁFICO |
| Nombre geográfico |
REPÚBLICA DOMINICANA |
| Subdivisión temática general |
HISTORIA |
| Subdivisión cronológica |
ERA DE TRUJILLO, 1930-1961 |
| 910 ## - VALIDACIÓN |
| Validación |
Validado. Control de calidad MFF |
| 942 ## - ADDED ENTRY ELEMENTS (KOHA) |
| Source of classification or shelving scheme |
Dewey Decimal Classification |
| Koha item type |
Libros |
| 945 ## - INFORMACIÓN DE PROCESAMIENTO LOCAL |
| Información de procesamiento local |
Inventariado / 2017 VM |
| 956 ## - LOCAL ELECTRONIC LOCATION AND ACCESS (OCLC) |
| Nombre de host |
VMATEO |
| Número de acceso |
10 |
| Información de compresión |
20150908 |
| Inicio de sesión |
BPMSU |
| Procesador de solicitud |
0069 |